000
00232nam a22000857a 4500
008
230921b |||||||| |||| 00| 0 eng d
020
_a
9781421596259
100
_a
Kusaka Hidenori
_9
7698
245
_a
Pokemon Adventures (Special Edition)-12
999
_c
12433
_d
12433